书目信息 |
| 题名: |
道德形而上学基础
|
|
| 作者: | 康德 著 ;孙少伟 译 | |
| 分册: | ||
| 出版信息: | 北京 九州出版社 2007.01 |
|
| 页数: | 187页 | |
| 开本: | 23cm | |
| 丛书名: | 西方学术经典文库 | |
| 单 册: | ||
| 中图分类: | B82-095 | |
| 科图分类: | ||
| 主题词: | 伦理学--lun li xue | |
| 电子资源: | ||
| ISBN: | 7-80195-574-9 | |
| 000 | 01220nam 2200289 450 | |
| 001 | 012007969249 | |
| 005 | 20070927093941.35 | |
| 010 | @a7-80195-574-9@dCNY26.00 | |
| 100 | @a20070720d2007 km y0chiy0120 ea | |
| 101 | 1 | @achi@aeng@cger |
| 102 | @aCN@b110000 | |
| 105 | @ay z 000yy | |
| 200 | 1 | @a道德形而上学基础@Adao de xing er shang xue ji chu@d= Foundations of the metaphysics of morals@f(德) 伊曼努尔·康德著@F(de)yi man nu er·kang de zhu@g孙少伟译@Gsun shao wei yi@zeng |
| 210 | @a北京@c九州出版社@d2007.01 | |
| 215 | @a187页@d23cm | |
| 225 | 2 | @a西方学术经典文库@Axi fang xue shu jing dian wen ku@h第一辑 |
| 300 | @a英汉对照 | |
| 305 | @a本书根据The Macmillan Publishing Company A Division of Macmillan, Inc. 1989年版本译出。 | |
| 330 | @a本书内容包括:从普通的道德理性知识过渡到哲学的道德理性知识、从大众道德哲学过渡到道德形而上学、从道德形而上学过渡到对纯粹实践理性的批判性考察等。 | |
| 410 | 0 | @12001 @a西方学术经典文库 |
| 510 | 1 | @aFoundations of the metaphysics of morals@zeng |
| 606 | 0 | @a伦理学@Alun li xue |
| 690 | @aB82-095@v4 | |
| 701 | 1 | @a康德@Akang de@g(Kant, Immanuel),@f1724-1804@4著 |
| 702 | 0 | @a孙少伟@Asun shao wei@4译 |
| 801 | 0 | @aCN@c20070927 |
| 905 | @dB82-095@eK231 | |
| 道德形而上学基础= Foundations of the metaphysics of morals/(德) 伊曼努尔·康德著/孙少伟译.-北京:九州出版社,2007.01 |
| 187页;23cm.-(西方学术经典文库.第一辑) |
| 英汉对照 |
| ISBN 7-80195-574-9:CNY26.00 |
| 本书内容包括:从普通的道德理性知识过渡到哲学的道德理性知识、从大众道德哲学过渡到道德形而上学、从道德形而上学过渡到对纯粹实践理性的批判性考察等。 |
| ● |
| 相关链接 |
|
|
|
正题名:道德形而上学基础
索取号:B82-095/K231
 
预约/预借
| 序号 | 登录号 | 条形码 | 馆藏地/架位号 | 状态 | 备注 |
| 1 | 245515 | 202455155 | 社科库509/509社科库 21排3列1层/ [索取号:B82-095/K231] | 在馆 |